000 00700nam a2200205 a 4500
001 000025857
005 20200930024113.0
008 110223s1985 nq r 000 0 spa d
040 _aDO-SdBNP
_bspa
_cBNPHU
082 _aNNN
_bW565g, 1985
100 1 _aWheelock Román, Jaime.
_d1947-
_952698
245 1 0 _aEl gran desafio /
_cJaime Wheelock Román ; entrevista por Marta Harnecker edición al cuidado de Manuel Mejía.
250 _a2a ed.
260 _aManagua, Nicaragua :
_bNueva Nicaragua,
_c1985.
300 _a133 p. ;
_c19 cm.
490 1 _aBiblioteca popular sandinista
_v20
700 1 _aMejía, Manuel
_eed.
_9723
830 0 _aBiblioteca popular sandinista ;
_v20
_914389
049 _aBNGR
999 _c25349
_d25349